| 000 | 00374nam a2200145Ia 4500 | ||
|---|---|---|---|
| 008 | 210210b1991 xxu||||| |||| 00| 0 eng d | ||
| 082 | _a242.5 QUEP | ||
| 100 | _aQUESSON (Noel). | ||
| 245 | _aPray with the bible.V3. | ||
| 260 |
_aBangalore _bTheological Publications in India _c1991 |
||
| 300 | _a256 | ||
| 650 | _aPrayer Bible | ||
| 690 | _aChristianity | ||
| 906 | _a045754 | ||
| 999 |
_c95062 _d95062 |
||